000 00800nam a2200301Ia 4500
001 UByD000829
003 AR-LpoUNG
005 20241226105916.0
008 220812s1926||||ag |||||||||||||| ||spa||
040 _aAR-LpoUNG
_bspa
_cAR-LpoUNG
_eaacr
041 0 _aspa
082 0 _a982.04 329car
100 1 _aAlberdi, Juan Bautista
245 1 0 _aCartas quillotanas :
_bpolémica con Domingo F. Sarmiento
260 _aBuenos Aires :
_bClaridad,
_c[1926].
300 _a[126 p.]
650 4 _aARGENTINA
650 4 _aHISTORIA
650 4 _aCIENCIA POLITICA
650 4 _aCORRESPONDENCIA
650 4 _aPOLITICOS
650 4 _aESTADO
650 4 _aHISTORIA POLITICA
650 4 _aPARTICIPACION POLITICA
653 1 _aSARMIENTO, DOMINGO FAUSTINO
905 _aCJPM316
942 _cLIB
_2ddc
999 _c62020
_d62020